| 000 | 01033naa a22002897a 4500 | ||
|---|---|---|---|
| 001 | BR8801799 | ||
| 003 | BR-BrBNA | ||
| 005 | 20240918175958.0 | ||
| 007 | ta | ||
| 008 | 230509b bl.||||| |||| 00| 0 por d | ||
| 040 |
_aBR-BrBNA _bpor _cBiblioteca Nacional de Agricultura |
||
| 041 | _a(Pt) | ||
| 072 |
_aE50 _b/G514 |
||
| 090 | _aE50 BR8801799 | ||
| 100 | 1 | _aRocha, M.R. | |
| 111 | 1 |
_a8. Congresso Brasileiro de Economia Domestica _cRecife, PE (Brazil) _d22-26 Jul 1985 |
|
| 245 | 1 | _aUma experiencia de geracao de renda com mulheres da periferia de Salvador - Bahia | |
| 260 | 3 |
_aRecife, PE (Brasil): _c1985. |
|
| 500 | _aAnais do 8. Congresso Brasileiro de Economia Domestica Recife, PE (Brasil): 1985. p. 111-116 (BR8801799-AM)E50 | ||
| 650 | _aMULHER | ||
| 650 | _aTRABALHO | ||
| 650 | _aRENDA FAMILIAR | ||
| 650 | _aBAHIA | ||
| 773 | 0 |
_tAnais do 8. Congresso Brasileiro de Economia Domestica _wE50 BR8801799 _gRecife, PE (Brasil), 1985. p. 111-116 |
|
| 909 |
_a202404 _bLucia _c55 _dLucia Elande |
||
| 942 |
_cAM _2AGRIS |
||
| 999 |
_c319082 _d319082 |
||